00600cam a2200133 450000500170000000800410001705000270005824500970008526000480018230000260023060000990025665100760035570000350043120260128132821.0 1986 mx a spa 04aF1232.M67754bM46 1986 0aMemoria politico-instructivab : Dr. Servando Teresa de Mier c / prólogo Manuel Calvillo. aMéxico :bBanco Nacional de Mexico,c1986 a210 paginas ;c23 cm.1 aMier, Servando Teresa de, Fray, d1763-1827qMier Noriega y Guerra, José Servando Teresa de, 72lembaMéxico xHistoriayGuerra de Independencia, 1810-1821 vFuentes1 aCalvillo, Manuel,eprologuista